| 000 | 00323nam a2200121Ia 4500 | ||
|---|---|---|---|
| 008 | 190216s9999||||xx |||||||||||||| ||und|| | ||
| 100 | _aKrishnan C N&Amp; Rvindra Nadhan V | ||
| 245 | 0 | _aSocialist Chindhaum Dhanasasthravum | |
| 260 |
_bKerala Bhasha Institute _c1974 |
||
| 300 | _a186p | ||
| 650 | _aEconomics | ||
| 942 | _cBK | ||
| 999 |
_c39484 _d39484 |
||